000 01227nas a2200421 4500
001 BR0404147
003 BR-BrBNA
005 20231205104811.0
007 ta
008 230509b bl.|||p| |||| 00| 00por d
040 _aBR-BrBNA
_bpor
_cBiblioteca Nacional de Agricultura
041 _a(Pt)
072 _aL02; Q54
100 1 _aSilva, J.H.V. da
100 1 _aSilva, M.B. da
100 1 _aSilva, E.L. da
100 1 _aJordão Filho, J.
100 1 _aRibeiro, M.L.G.
100 1 _aCosta, F.G.P.
100 1 _aDutra Júnior, W.M.
245 1 _aEnergia metabolizável de ingredientes determinada com codornas japonesas (Coturnix coturnix japonica)
650 _aCODORNA
650 _aRAÇÃO
650 _aIDADE
650 _aPERFORMANCE
650 _aDIETA
650 _aPESO
650 _aCONSUMO ALIMENTAR
650 _aINGREDIENTE
650 _aBALANCEAMENTO
650 _aANÁLISE ESTATÍSTICA
650 _aALIMENTO ANIMAL
650 _aALIMENTO VEGETAL
650 _aVALOR NUTRITIVO
773 0 _tRevista Brasileira de Zootecnia (Brazil)
_xISSN 1516-3598
_g(Nov-Dec 2003), v. 32(6)Suppl. 2 p. 1912-1918
_wBR0404147
909 _a202311
_bLúcia
_c55
_dLúcia Elande
942 _2AGRIS
_n0
_cANA
999 _c179743
_d179743